[Event "6. Copenhagen Open Politiken Cup"]
[Site "Copenhagen"]
[Date "1984.??.??"]
[Round "8"]
[White "Fette, Martin"]
[Black "Berg, Klaus"]
[Result "1/2-1/2"]
[WhiteElo "2270"]
[BlackElo "2400"]
[PlyCount "31"]
[EventDate "1984.??.??"]
[EventType "swiss"]
[EventRounds "10"]
[EventCountry "DEN"]
[SourceDate "2004.01.01"]

1. e4 c6 2. c4 d5 3. exd5 cxd5 4. cxd5 Nf6 5. Bb5+ Nbd7 6. Nc3 g6 7. d4 Bg7 8.
d6 exd6 9. Bf4 Qe7+ 10. Qe2 Qxe2+ 11. Ngxe2 Ke7 12. O-O Nb6 13. Rfe1 Be6 14.
Bg5 a6 15. Bd3 Kd7 16. Nf4 1/2-1/2

[Event "6. Copenhagen Open Politiken Cup"]
[Site "Copenhagen"]
[Date "1984.??.??"]
[Round "8"]
[White "Fuller, Maxwell"]
[Black "Lindberg, Bengt"]
[Result "0-1"]
[WhiteElo "2335"]
[BlackElo "2265"]
[PlyCount "72"]
[EventDate "1984.??.??"]
[EventType "swiss"]
[EventRounds "10"]
[EventCountry "DEN"]
[SourceDate "2004.01.01"]

1. d4 Nf6 2. c4 c5 3. e3 e6 4. Nf3 d5 5. Nc3 Nc6 6. a3 a6 7. dxc5 Bxc5 8. b4
Bd6 9. Bb2 O-O 10. Qc2 Qe7 11. Rd1 Rd8 12. Bd3 dxc4 13. Bxc4 b5 14. Bd3 Bb7 15.
Ne4 Nxe4 16. Bxe4 Rac8 17. Bxh7+ Kh8 18. Qb1 Nxb4 19. axb4 Bxb4+ 20. Ke2 f5 21.
Bxf5 exf5 22. Qxf5 Rf8 23. Qh3+ Kg8 24. Rd7 Rc2+ 25. Kf1 Rxb2 26. Rxe7 Bxe7 27.
Qe6+ Rf7 28. Ne5 Rbxf2+ 29. Ke1 Bb4+ 30. Kd1 Rd2+ 31. Kc1 Bd5 32. Qc8+ Rf8 33.
Qg4 Bc3 34. Nf3 Ra2 35. Rd1 Bb3 36. Nd2 Bxd2+ 0-1

[Event "6. Copenhagen Open Politiken Cup"]
[Site "Copenhagen"]
[Date "1984.??.??"]
[Round "8"]
[White "Hartung Nielsen, Jens"]
[Black "Moe, Mogens"]
[Result "1/2-1/2"]
[WhiteElo "2240"]
[BlackElo "2350"]
[PlyCount "113"]
[EventDate "1984.??.??"]
[EventType "swiss"]
[EventRounds "10"]
[EventCountry "DEN"]
[SourceDate "2004.01.01"]

1. d4 Nf6 2. Nf3 g6 3. c4 Bg7 4. Nc3 d5 5. cxd5 Nxd5 6. e4 Nxc3 7. bxc3 c5 8.
Rb1 Qa5 9. Rb5 Qxa2 10. Rxc5 Nd7 11. Rb5 a6 12. Rb3 Qa5 13. Be2 b5 14. O-O O-O
15. Ba3 Re8 16. c4 bxc4 17. Bxc4 Nb6 18. Be2 Bd7 19. Qb1 Na4 20. Bb4 Qd8 21. h3
Bb5 22. Bxb5 axb5 23. Qd3 Qd7 24. Rfb1 Red8 25. d5 f5 26. exf5 gxf5 27. Re1 Bf6
28. d6 exd6 29. Qd5+ Qf7 30. Rd3 Qxd5 31. Rxd5 Bc3 32. Rb1 Bxb4 33. Rxb4 Nc3
34. Rxf5 Ra4 35. Rb3 Rc8 36. Rf6 d5 37. Rd6 Rac4 38. Rd7 R8c7 39. Rxc7 Rxc7 40.
Nd4 Rc5 41. Ne6 Rc4 42. f4 b4 43. Kf2 Kf7 44. f5 h5 45. Ke3 Kf6 46. Nd4 Ne4 47.
g4 h4 48. Ne6 Ke5 49. Nf4 d4+ 50. Kd3 Rc3+ 51. Rxc3 dxc3 52. Ng6+ Kf6 53. Nf4
Nf2+ 54. Kc2 Kg5 55. Ne6+ Kf6 56. Nf4 Kg5 57. Ne6+ 1/2-1/2

[Event "6. Copenhagen Open Politiken Cup"]
[Site "Copenhagen"]
[Date "1984.??.??"]
[Round "8"]
[White "Jensen, Allan Astrup"]
[Black "Reinert, Mads"]
[Result "0-1"]
[WhiteElo "2240"]
[BlackElo "2330"]
[PlyCount "128"]
[EventDate "1984.??.??"]
[EventType "swiss"]
[EventRounds "10"]
[EventCountry "DEN"]
[SourceDate "2004.01.01"]

1. e4 c5 2. Nf3 e6 3. d4 cxd4 4. Nxd4 Nf6 5. Nc3 Bb4 6. e5 Nd5 7. Qg4 O-O 8.
Bd2 f5 9. Qg3 Nc6 10. Nf3 Qa5 11. Nxd5 Qxd5 12. c3 Qe4+ 13. Be2 f4 14. Bxf4
Rxf4 15. cxb4 Qxb4+ 16. Kf1 b6 17. Rd1 Rg4 18. Qh3 Rg6 19. Qh5 Qe7 20. Qh4 Qxh4
21. Nxh4 Rh6 22. Nf3 g5 23. g4 Rg6 24. Kg2 Rg7 25. Kg3 Bb7 26. h4 gxh4+ 27.
Rxh4 Rf8 28. Rh5 Ne7 29. Nd4 Ng6 30. Bf3 Nf4 31. Rhh1 Bxf3 32. Nxf3 Ne2+ 33.
Kg2 Rxg4+ 34. Kf1 Ng3+ 35. fxg3 Rxf3+ 36. Ke2 Rf7 37. Rd3 Rg5 38. Re3 Rff5 39.
Rd1 Rxe5 40. Rxd7 Rxe3+ 41. Kxe3 Rxg3+ 42. Kf4 Rg7 43. Rd8+ Kf7 44. Ke5 Rg5+
45. Ke4 Ra5 46. a3 h5 47. Rh8 Kg7 48. Re8 Kf6 49. Rh8 Ra4+ 50. Kf3 h4 51. Rh6+
Ke5 52. Rh5+ Kd6 53. Rh7 a6 54. Ke3 b5 55. Kd3 Rg4 56. Rh5 Rg3+ 57. Kd4 h3 58.
Rh8 Rb3 59. Rd8+ Ke7 60. Rh8 Kf6 61. Ke4 b4 62. Rh6+ Kg5 63. Rh8 bxa3 64. bxa3
Rxa3 0-1

[Event "6. Copenhagen Open Politiken Cup"]
[Site "Copenhagen"]
[Date "1984.??.??"]
[Round "8"]
[White "King, Daniel J"]
[Black "Gallagher, Joseph G"]
[Result "1-0"]
[WhiteElo "2435"]
[BlackElo "2260"]
[PlyCount "81"]
[EventDate "1984.??.??"]
[EventType "swiss"]
[EventRounds "10"]
[EventCountry "DEN"]
[SourceDate "2004.01.01"]

1. d4 Nf6 2. Nf3 g6 3. g3 Bg7 4. Bg2 O-O 5. O-O d6 6. Re1 Nbd7 7. e4 e5 8. Nc3
c6 9. a4 a5 10. h3 exd4 11. Nxd4 Re8 12. Bf4 Ne5 13. b3 Nfd7 14. Qd2 Nc5 15.
Be3 Qc7 16. Rad1 Ned7 17. Nde2 Bf8 18. g4 Nb6 19. Ng3 Be6 20. Bd4 Qe7 21. f4
Rad8 22. Nce2 Ra8 23. Bc3 Bg7 24. Bxg7 Kxg7 25. Qxd6 Qxd6 26. Rxd6 Rad8 27.
Red1 Rxd6 28. Rxd6 Bc8 29. e5 Be6 30. Nc3 Na6 31. Nce4 Nb4 32. Nf6 Rc8 33. Be4
Bd5 34. c4 Bxe4 35. Ngxe4 Na6 36. c5 Na8 37. Rd7 N8c7 38. Nd6 Rf8 39. f5 gxf5
40. gxf5 h6 41. Nxb7 1-0

[Event "6. Copenhagen Open Politiken Cup"]
[Site "Copenhagen"]
[Date "1984.??.??"]
[Round "8"]
[White "Kristensen, Leif Sogaard"]
[Black "Iskov, Gert"]
[Result "1/2-1/2"]
[WhiteElo "2220"]
[BlackElo "2370"]
[PlyCount "38"]
[EventDate "1984.??.??"]
[EventType "swiss"]
[EventRounds "10"]
[EventCountry "DEN"]
[SourceDate "2004.01.01"]

1. e4 e6 2. d4 d5 3. Nc3 Bb4 4. Nge2 dxe4 5. a3 Bxc3+ 6. Nxc3 Nc6 7. Bb5 Nge7
8. Be3 O-O 9. Qd2 e5 10. dxe5 Nxe5 11. Nxe4 Bf5 12. f3 c6 13. Be2 Bxe4 14. fxe4
Qxd2+ 15. Bxd2 Rad8 16. Be3 Nc8 17. Rf1 Nd6 18. O-O-O b6 19. Rd4 c5 1/2-1/2

[Event "6. Copenhagen Open Politiken Cup"]
[Site "Copenhagen"]
[Date "1984.??.??"]
[Round "8"]
[White "Kristiansen, Jens"]
[Black "Van der Sterren, Paul"]
[Result "1-0"]
[WhiteElo "2450"]
[BlackElo "2475"]
[PlyCount "45"]
[EventDate "1984.??.??"]
[EventType "swiss"]
[EventRounds "10"]
[EventCountry "DEN"]
[SourceDate "2004.01.01"]

1. e4 c5 2. Nf3 e6 3. b3 b6 4. Bb2 Bb7 5. Bd3 Nc6 6. Nc3 Nf6 7. e5 Ng4 8. Be4
d5 9. exd6 Bxd6 10. Qe2 Nf6 11. O-O-O Qe7 12. d4 cxd4 13. Bxc6+ Bxc6 14. Nxd4
Rc8 15. Nxc6 Rxc6 16. Ne4 Nxe4 17. Qxe4 Kd7 18. Qa4 Qg5+ 19. f4 Qxg2 20. Rxd6+
Kxd6 21. Rd1+ Kc7 22. Qxa7+ Kc8 23. Qa8+ 1-0

[Event "6. Copenhagen Open Politiken Cup"]
[Site "Copenhagen"]
[Date "1984.??.??"]
[Round "8"]
[White "Nilsson, Nils Specht"]
[Black "Auchenberg, Per"]
[Result "0-1"]
[WhiteElo "2245"]
[BlackElo "2240"]
[PlyCount "110"]
[EventDate "1984.??.??"]
[EventType "swiss"]
[EventRounds "10"]
[EventCountry "DEN"]
[SourceDate "2004.01.01"]

1. e4 c5 2. Nf3 Nc6 3. d4 cxd4 4. Nxd4 Nf6 5. Nc3 g6 6. Nb3 Bg7 7. g3 d6 8. Bg2
Bg4 9. f3 Be6 10. f4 a5 11. Be3 a4 12. Nd4 a3 13. Nxe6 fxe6 14. O-O axb2 15.
Rb1 Ra3 16. Bd2 Qb6+ 17. Kh1 h5 18. e5 Ng4 19. Qe2 d5 20. Nb5 Rxa2 21. h4 Nd4
22. Nxd4 Qxd4 23. c3 Qa4 24. Qd3 Kf7 25. f5 gxf5 26. Bxd5 exd5 27. Qxf5+ Bf6
28. exf6 e6 29. Qg5 Rh7 30. Rfe1 Ra1 31. Qf4 Qxf4 32. Bxf4 Rxb1 33. Rxb1 Kxf6
34. Rxb2 e5 35. Rb6+ Kf5 36. Bg5 Ke4 37. Rb4+ d4 38. cxd4 exd4 39. Kg2 Rf7 40.
Rb6 Rf2+ 41. Kg1 Rf7 42. Bf4 Kd3 43. Kf1 Ne3+ 44. Ke1 Ng2+ 45. Kd1 Nxf4 46.
gxf4 Rxf4 47. Rb3+ Ke4 48. Rxb7 Rxh4 49. Ke2 Rh2+ 50. Kf1 Kd3 51. Rh7 Kd2 52.
Ra7 Rh4 53. Ra2+ Ke3 54. Re2+ Kd3 55. Ra2 Re4 0-1

[Event "6. Copenhagen Open Politiken Cup"]
[Site "Copenhagen"]
[Date "1984.??.??"]
[Round "8"]
[White "Norgaard, Jesper"]
[Black "Horvath, Tamas"]
[Result "0-1"]
[WhiteElo "2315"]
[BlackElo "2440"]
[PlyCount "78"]
[EventDate "1984.??.??"]
[EventType "swiss"]
[EventRounds "10"]
[EventCountry "DEN"]
[SourceDate "2004.01.01"]

1. e4 c5 2. Nf3 e6 3. d4 cxd4 4. Nxd4 Nf6 5. Nc3 Nc6 6. Ndb5 d6 7. Bf4 e5 8.
Bg5 a6 9. Na3 b5 10. Nd5 Be7 11. Bxf6 Bxf6 12. c3 O-O 13. Nc2 Rb8 14. a4 bxa4
15. Ncb4 Nxb4 16. cxb4 Bb7 17. Rxa4 Bc6 18. Bxa6 Bxa4 19. Qxa4 Bg5 20. O-O f5
21. b5 Kh8 22. exf5 Qd7 23. Qc4 Qxf5 24. f3 Bd8 25. Rc1 Qd7 26. b4 Qa7+ 27. Kh1
Qf2 28. Qd3 Bb6 29. Rf1 Qh4 30. Rd1 Bd4 31. g3 Qh3 32. Qe2 Rf7 33. f4 g5 34. b6
gxf4 35. gxf4 Rg8 36. b7 Rfg7 37. b8=Q Rxb8 38. Qf1 Rbg8 39. Qxh3 Rg1+ 0-1

[Event "6. Copenhagen Open Politiken Cup"]
[Site "Copenhagen"]
[Date "1984.??.??"]
[Round "8"]
[White "Pokojowczyk, Jerzy"]
[Black "Hvenekilde, Jorgen"]
[Result "1-0"]
[WhiteElo "2370"]
[BlackElo "2290"]
[PlyCount "145"]
[EventDate "1984.??.??"]
[EventType "swiss"]
[EventRounds "10"]
[EventCountry "DEN"]
[SourceDate "2004.01.01"]

1. e4 e5 2. Nf3 d6 3. Bc4 Nc6 4. c3 Be7 5. O-O Nf6 6. Re1 O-O 7. Bb3 Nd7 8. d4
Bf6 9. Be3 Na5 10. Bc2 Nc4 11. Bc1 Re8 12. b3 Ncb6 13. Nbd2 d5 14. exd5 Nxd5
15. Ne4 exd4 16. Nxf6+ N7xf6 17. Qxd4 Rxe1+ 18. Nxe1 Qe7 19. Bb2 Bg4 20. h3 c5
21. Qd2 Bh5 22. Nd3 Ne4 23. Qe1 Re8 24. c4 Nb4 25. Nxb4 cxb4 26. Bxe4 Qxe4 27.
Qxb4 f6 28. Qa5 Qe2 29. Bd4 Bg6 30. Qxa7 Be4 31. Be3 Qh5 32. Qd4 Qg6 33. g3 Qf5
34. Kh2 Qf3 35. Rg1 h5 36. a4 Bc6 37. a5 Re4 38. Qd3 Re5 39. b4 Be4 40. Qd1 Qf5
41. Bf4 Bc6 42. b5 Bd7 43. Re1 Qxh3+ 44. Kg1 Rxe1+ 45. Qxe1 Qe6 46. Qd1 g5 47.
Be3 h4 48. gxh4 gxh4 49. Qh5 Qg4+ 50. Qxg4+ Bxg4 51. a6 bxa6 52. bxa6 Bf3 53.
Kh2 Kf7 54. Kh3 Ke6 55. Kxh4 Be2 56. a7 Bf3 57. Kg3 Bb7 58. Kf4 Ba8 59. Bd4 f5
60. Bb6 Bb7 61. Kg5 Ba8 62. f4 Bb7 63. Kg6 Bc6 64. Kg7 Be4 65. Kf8 Kd7 66. Kf7
Kc8 67. Ke6 Kb7 68. c5 Ka8 69. c6 Bxc6 70. Kxf5 Kb7 71. Bd4 Kc7 72. Ke5 Kd7 73.
f5 1-0

[Event "6. Copenhagen Open Politiken Cup"]
[Site "Copenhagen"]
[Date "1984.??.??"]
[Round "8"]
[White "Schandorff, Lars"]
[Black "Barczay, Laszlo"]
[Result "1/2-1/2"]
[WhiteElo "2310"]
[BlackElo "2410"]
[PlyCount "93"]
[EventDate "1984.??.??"]
[EventType "swiss"]
[EventRounds "10"]
[EventCountry "DEN"]
[SourceDate "2004.01.01"]

1. d4 d5 2. Nf3 c5 3. c4 e6 4. cxd5 exd5 5. g3 Nc6 6. Bg2 Nf6 7. O-O Be7 8. Be3
Ng4 9. Bf4 O-O 10. Nc3 Be6 11. dxc5 Bxc5 12. Rc1 h6 13. Na4 Be7 14. Nd4 Nxd4
15. Qxd4 Qa5 16. Bd2 Qa6 17. Nc5 Bxc5 18. Rxc5 Nf6 19. Bxh6 Qxe2 20. Be3 Qh5
21. h4 b6 22. Rc7 Rfc8 23. Rfc1 Rxc7 24. Rxc7 Ne4 25. Bf4 Qg6 26. a3 Nf6 27.
Bg5 Ne4 28. Bf4 Nf6 29. b4 Re8 30. Rc1 Rc8 31. Rxc8+ Bxc8 32. f3 Nh5 33. Kh2
Nxf4 34. Qxf4 Qc6 35. h5 a5 36. bxa5 bxa5 37. Qg5 Qd6 38. f4 Bb7 39. Qf5 Qxa3
40. Qd7 Qb4 41. Qe8+ Qf8 42. Qd7 Qc8 43. Qa4 d4 44. Bxb7 Qxb7 45. Qxd4 Qb5 46.
g4 Qb4 47. Qd8+ 1/2-1/2

[Event "6. Copenhagen Open Politiken Cup"]
[Site "Copenhagen"]
[Date "1984.??.??"]
[Round "8"]
[White "Van Mil, Johan"]
[Black "Grooten, Herman"]
[Result "1-0"]
[WhiteElo "2370"]
[BlackElo "2305"]
[PlyCount "81"]
[EventDate "1984.??.??"]
[EventType "swiss"]
[EventRounds "10"]
[EventCountry "DEN"]
[SourceDate "2004.01.01"]

1. e4 c6 2. d4 d5 3. Nd2 dxe4 4. Nxe4 Bf5 5. Ng3 Bg6 6. h4 h6 7. Nf3 Nd7 8. h5
Bh7 9. Bd3 Bxd3 10. Qxd3 e6 11. Bd2 Ngf6 12. O-O-O Be7 13. Ne4 a5 14. Kb1 a4
15. Nxf6+ Bxf6 16. g4 Qb6 17. Bc1 Qa6 18. Qe4 Qb5 19. Rhe1 Nb6 20. Ne5 O-O 21.
f4 Bxe5 22. dxe5 Rfd8 23. f5 Nc4 24. Rd3 Rxd3 25. Qxd3 Qd5 26. Qe2 Rd8 27. fxe6
Qxe6 28. g5 hxg5 29. b3 axb3 30. axb3 Nb6 31. Bxg5 Rd5 32. h6 Nd7 33. Bf4 Qf5
34. Qh2 g6 35. h7+ Kh8 36. Bh6 Kxh7 37. Bg5+ Kg8 38. e6 fxe6 39. Rh1 Nf8 40.
Qh8+ Kf7 41. Rh7+ 1-0

[Event "6. Copenhagen Open Politiken Cup"]
[Site "Copenhagen"]
[Date "1984.??.??"]
[Round "8"]
[White "Westerinen, Heikki"]
[Black "Wedberg, Tom"]
[Result "1/2-1/2"]
[WhiteElo "2385"]
[BlackElo "2495"]
[PlyCount "171"]
[EventDate "1984.??.??"]
[EventType "swiss"]
[EventRounds "10"]
[EventCountry "DEN"]
[SourceDate "2004.01.01"]

1. e4 c5 2. Nf3 Nc6 3. Bb5 e6 4. O-O Nge7 5. c3 a6 6. Ba4 b5 7. Bc2 Bb7 8. a4
g6 9. d4 cxd4 10. axb5 axb5 11. Rxa8 Qxa8 12. Nxd4 Na7 13. Na3 Bc6 14. Nxc6
Nexc6 15. Bg5 Bg7 16. f4 Qb7 17. Qd3 O-O 18. e5 f6 19. exf6 Bxf6 20. Bxf6 Rxf6
21. Qe3 Ne7 22. Qc5 Nf5 23. Bd3 d6 24. Qf2 Rf7 25. Nc2 Ng7 26. Qd4 Qc7 27. Nb4
Nc6 28. Nxc6 Qxc6 29. Qb4 Qb6+ 30. Kh1 Nh5 31. Be2 d5 32. Bxh5 gxh5 33. Qb3 Qc5
34. Qd1 Qc4 35. g3 e5 36. Re1 exf4 37. Qxh5 Qc6 38. Qg5+ Kf8 39. Qd8+ Kg7 40.
Qg5+ Kf8 41. Qd8+ Kg7 42. Re8 Qf6 43. Rg8+ Kh6 44. Qxf6+ Rxf6 45. gxf4 b4 46.
Rg5 bxc3 47. bxc3 Rc6 48. Rg3 Rc4 49. Rd3 Kh5 50. Rxd5+ Kg4 51. Rd3 Kxf4 52.
Rh3 Rc7 53. Kg2 Ke4 54. Kf2 Kd5 55. Ke2 Kc4 56. Kd2 Rf7 57. Rh4+ Kc5 58. Ke3
Rd7 59. Kf4 Kd5 60. Kg5 Rc7 61. Rh3 Ke6 62. Re3+ Kf7 63. Kf5 Rc5+ 64. Ke4 Rh5
65. Re2 Ke6 66. Kf4+ Kf6 67. Kg3 Rc5 68. Re3 Kf5 69. Kf3 Rc6 70. Ke2 Rd6 71.
Rh3 h6 72. Ke3 Kg4 73. Rg3+ Kf5 74. c4 Ke5 75. Rh3 Rg6 76. Rh5+ Kd6 77. Kd4
Rg4+ 78. Kc3 Rg6 79. Kb4 Kc6 80. Ra5 Kb6 81. Rf5 Re6 82. Rf7 h5 83. Rh7 Re5 84.
Rh6+ Kb7 85. h4 Rf5 86. Kc3 1/2-1/2

[Event "6. Copenhagen Open Politiken Cup"]
[Site "Copenhagen"]
[Date "1984.??.??"]
[Round "8"]
[White "Wockenfuss, Klaus"]
[Black "Sorensen, Henrik"]
[Result "1-0"]
[WhiteElo "2310"]
[BlackElo "2250"]
[PlyCount "99"]
[EventDate "1984.??.??"]
[EventType "swiss"]
[EventRounds "10"]
[EventCountry "DEN"]
[SourceDate "2004.01.01"]

1. d4 Nf6 2. Nf3 c5 3. d5 b5 4. Bg5 Qb6 5. Nc3 b4 6. Na4 Qa5 7. Bxf6 exf6 8. b3
d6 9. g3 g6 10. Qd2 Qc7 11. a3 a5 12. Bg2 Be7 13. Qh6 Bf8 14. Qe3+ Be7 15. Nd2
Ra6 16. Qh6 Bf8 17. Qf4 Be7 18. h4 O-O 19. O-O f5 20. Nc4 Nd7 21. Nab2 Bf6 22.
Ra2 Ne5 23. Rd1 Bg7 24. Bf1 Re8 25. Qc1 Nxc4 26. Nxc4 Bb7 27. e3 Raa8 28. Nb2
Re5 29. Bc4 Bh6 30. Nd3 Re4 31. Ne1 Bg7 32. Nf3 Ba6 33. Bxa6 Rxa6 34. Nd2 Re8
35. axb4 cxb4 36. Ra4 Rb8 37. Nc4 Rb5 38. Qd2 Rc5 39. Qd3 Ra8 40. e4 fxe4 41.
Qxe4 Rb8 42. h5 gxh5 43. Kg2 Rbb5 44. Ne3 Qd8 45. Nf5 Be5 46. Rh1 Rxd5 47. Rxh5
Rbc5 48. Nh6+ Kf8 49. Qxh7 Rc7 50. Qg8+ 1-0

[Event "6. Copenhagen Open Politiken Cup"]
[Site "Copenhagen"]
[Date "1984.??.??"]
[Round "9"]
[White "Barczay, Laszlo"]
[Black "Bator, Robert"]
[Result "1/2-1/2"]
[WhiteElo "2410"]
[BlackElo "2365"]
[PlyCount "28"]
[EventDate "1984.??.??"]
[EventType "swiss"]
[EventRounds "10"]
[EventCountry "DEN"]
[SourceDate "2004.01.01"]

1. e4 c5 2. Nf3 d6 3. d4 cxd4 4. Nxd4 Nf6 5. Nc3 e5 6. Bb5+ Nbd7 7. Nf5 a6 8.
Bxd7+ Qxd7 9. Bg5 Nxe4 10. Nxg7+ Bxg7 11. Nxe4 O-O 12. Nf6+ Bxf6 13. Bxf6 Qf5
14. Qf3 Qg6 1/2-1/2

[Event "6. Copenhagen Open Politiken Cup"]
[Site "Copenhagen"]
[Date "1984.??.??"]
[Round "9"]
[White "Berg, Klaus"]
[Black "Knoppert, Erik G J"]
[Result "1/2-1/2"]
[WhiteElo "2400"]
[BlackElo "2245"]
[PlyCount "64"]
[EventDate "1984.??.??"]
[EventType "swiss"]
[EventRounds "10"]
[EventCountry "DEN"]
[SourceDate "2004.01.01"]

1. Nf3 c5 2. b3 d5 3. e3 Nf6 4. Bb2 Bg4 5. Be2 Nc6 6. O-O e6 7. c4 dxc4 8. bxc4
Be7 9. h3 Bh5 10. d4 O-O 11. Nbd2 Rc8 12. Nb3 cxd4 13. exd4 Bxf3 14. Bxf3 Na5
15. Nxa5 Qxa5 16. Qe2 Rc7 17. Rfd1 Ba3 18. Bxa3 Qxa3 19. d5 exd5 20. cxd5 Qd6
21. Rac1 Rfc8 22. Rxc7 Rxc7 23. Qe3 b6 24. g3 Kf8 25. Kg2 h6 26. Qe2 Rd7 27.
Rc1 Qe7 28. Rc8+ Rd8 29. Rxd8+ Qxd8 30. Qa6 Qc7 31. Qa3+ Qe7 32. d6 Qd7 1/2-1/2

[Event "6. Copenhagen Open Politiken Cup"]
[Site "Copenhagen"]
[Date "1984.??.??"]
[Round "9"]
[White "Carl, Manfred"]
[Black "Jensen, Allan Astrup"]
[Result "1/2-1/2"]
[WhiteElo "2230"]
[BlackElo "2240"]
[PlyCount "110"]
[EventDate "1984.??.??"]
[EventType "swiss"]
[EventRounds "10"]
[EventCountry "DEN"]
[SourceDate "2004.01.01"]

1. d4 d5 2. Bf4 c5 3. c3 Nc6 4. e3 Nf6 5. Nd2 e6 6. Ngf3 Be7 7. Bd3 Qb6 8. Rb1
Bd7 9. O-O Rc8 10. Ne5 O-O 11. Bg5 Rfd8 12. Qf3 Qc7 13. g4 Be8 14. Qh3 cxd4 15.
Nxc6 Bxc6 16. Bxf6 Bxf6 17. Qxh7+ Kf8 18. cxd4 Ke7 19. Qh3 Rh8 20. Qg3 Qxg3+
21. hxg3 e5 22. Nb3 e4 23. Be2 Rh6 24. Kg2 Bd7 25. Rbc1 Rch8 26. Rh1 Rxh1 27.
Rxh1 Rxh1 28. Kxh1 b6 29. Kg2 Kd6 30. f4 exf3+ 31. Kxf3 a5 32. Bd3 a4 33. Nc1
Bg5 34. a3 b5 35. Ne2 Bd8 36. Nc3 Ba5 37. Nxb5+ Bxb5 38. Bxb5 Bd2 39. Bxa4 Bc1
40. Be8 Bxb2 41. a4 f6 42. a5 g5 43. a6 Kc7 44. Bb5 Bc3 45. Ke2 Ba5 46. e4 dxe4
47. Ke3 Bb6 48. Kxe4 Kd6 49. Bc4 Ba7 50. d5 Bb6 51. Kf5 Bd4 52. Kg6 Ke7 53. Kg7
Be3 54. d6+ Kxd6 55. Kxf6 Kc7 1/2-1/2

[Event "6. Copenhagen Open Politiken Cup"]
[Site "Copenhagen"]
[Date "1984.??.??"]
[Round "9"]
[White "Davies, Nigel"]
[Black "King, Daniel J"]
[Result "1/2-1/2"]
[WhiteElo "2340"]
[BlackElo "2435"]
[PlyCount "41"]
[EventDate "1984.??.??"]
[EventType "swiss"]
[EventRounds "10"]
[EventCountry "DEN"]
[SourceDate "2004.01.01"]

1. d4 Nf6 2. Nf3 c5 3. d5 e6 4. c4 exd5 5. cxd5 d6 6. Nc3 g6 7. Bg5 Bg7 8. e3
h6 9. Bh4 a6 10. a4 g5 11. Bg3 Nh5 12. Bd3 Nxg3 13. hxg3 Nd7 14. Qc2 Qe7 15.
Bf5 Ne5 16. Bxc8 Rxc8 17. Qf5 Rb8 18. a5 Qd7 19. Qxd7+ Nxd7 20. Nd2 Ke7 21. O-O
1/2-1/2

[Event "6. Copenhagen Open Politiken Cup"]
[Site "Copenhagen"]
[Date "1984.??.??"]
[Round "9"]
[White "De Boer, Gert Jan"]
[Black "Lengyel, Levente"]
[Result "1/2-1/2"]
[WhiteElo "2340"]
[BlackElo "2415"]
[PlyCount "72"]
[EventDate "1984.??.??"]
[EventType "swiss"]
[EventRounds "10"]
[EventCountry "DEN"]
[SourceDate "2004.01.01"]

1. e4 e5 2. Nf3 Nc6 3. Bb5 a6 4. Ba4 Nf6 5. O-O Be7 6. Re1 b5 7. Bb3 d6 8. c3
O-O 9. d4 Bg4 10. Be3 exd4 11. cxd4 Na5 12. Bc2 c5 13. dxc5 dxc5 14. Nbd2 Nd7
15. h3 Be6 16. Bf4 Nc6 17. e5 c4 18. Qe2 Nc5 19. Rad1 Nd3 20. Bxd3 cxd3 21. Qe4
Qd7 22. Bg5 Bf5 23. Qf4 Bxg5 24. Nxg5 Nd4 25. Ndf3 Nxf3+ 26. Qxf3 Rae8 27. Re3
h6 28. Ne4 Rxe5 29. Rdxd3 Qe7 30. Rd4 Bg6 31. Nd6 Rxe3 32. Qxe3 Qxe3 33. fxe3
Rb8 34. Kf2 Kf8 35. e4 Ke7 36. Ke3 Ke6 1/2-1/2

[Event "6. Copenhagen Open Politiken Cup"]
[Site "Copenhagen"]
[Date "1984.??.??"]
[Round "9"]
[White "Fette, Martin"]
[Black "Fuller, Maxwell"]
[Result "1/2-1/2"]
[WhiteElo "2270"]
[BlackElo "2335"]
[PlyCount "29"]
[EventDate "1984.??.??"]
[EventType "swiss"]
[EventRounds "10"]
[EventCountry "DEN"]
[SourceDate "2004.01.01"]

1. e4 g6 2. d4 Bg7 3. Nc3 d6 4. Be3 a6 5. Qd2 b5 6. f3 Nd7 7. Nge2 c5 8. O-O-O
b4 9. Nd5 Bb7 10. dxc5 dxc5 11. Kb1 Bxd5 12. Qxd5 Ngf6 13. Qc6 O-O 14. Nc1 Rc8
15. Qb7 1/2-1/2

[Event "6. Copenhagen Open Politiken Cup"]
[Site "Copenhagen"]
[Date "1984.??.??"]
[Round "9"]
[White "Gallagher, Joseph G"]
[Black "Cramling, Dan"]
[Result "0-1"]
[WhiteElo "2260"]
[BlackElo "2380"]
[PlyCount "80"]
[EventDate "1984.??.??"]
[EventType "swiss"]
[EventRounds "10"]
[EventCountry "DEN"]
[SourceDate "2004.01.01"]

1. e4 c5 2. Nf3 e6 3. d4 cxd4 4. Nxd4 Nf6 5. Nc3 d6 6. g4 a6 7. g5 Nfd7 8. h4
b5 9. a3 Nb6 10. Be3 N8d7 11. Rg1 Bb7 12. h5 g6 13. Qg4 e5 14. Nb3 Rc8 15. Rg3
Nc4 16. Bxc4 Rxc4 17. hxg6 hxg6 18. O-O-O Qc7 19. Kb1 b4 20. axb4 Rxb4 21. f4
Bxe4 22. Nxe4 Rxe4 23. Qf3 Rc4 24. fxe5 Nxe5 25. Qe2 Be7 26. Bd4 Rh5 27. Bxe5
dxe5 28. Rd5 e4 29. Rg2 Rh1+ 30. Rd1 Rh4 31. Qe3 a5 32. Rgd2 a4 33. Nc1 Rb4 34.
Rd7 Qb8 35. Qc3 Rb7 36. R7d4 Rh3 37. Qc6+ Kf8 38. b3 axb3 39. c4 Ra7 40. Qxe4
b2 0-1

[Event "6. Copenhagen Open Politiken Cup"]
[Site "Copenhagen"]
[Date "1984.??.??"]
[Round "9"]
[White "Grooten, Herman"]
[Black "Matulovic, Milan"]
[Result "0-1"]
[WhiteElo "2305"]
[BlackElo "2465"]
[PlyCount "48"]
[EventDate "1984.??.??"]
[EventType "swiss"]
[EventRounds "10"]
[EventCountry "DEN"]
[SourceDate "2004.01.01"]

1. d4 g6 2. c4 Bg7 3. Nc3 c5 4. d5 d6 5. e4 Nf6 6. Nf3 O-O 7. Be2 e6 8. Nd2 Na6
9. O-O Nc7 10. f4 Re8 11. Bf3 Rb8 12. a4 exd5 13. cxd5 b6 14. Re1 Ba6 15. Ra2
Bd3 16. b3 Ng4 17. Bxg4 Bxc3 18. Qf3 Nxd5 19. Kh1 Nb4 20. Ra3 f5 21. Bh3 fxe4
22. Rxe4 Rxe4 23. Nxe4 Qe7 24. Bd2 Bxd2 0-1

[Event "6. Copenhagen Open Politiken Cup"]
[Site "Copenhagen"]
[Date "1984.??.??"]
[Round "9"]
[White "Hartman, Christer"]
[Black "Fedder, Steen"]
[Result "1/2-1/2"]
[WhiteElo "2210"]
[BlackElo "2420"]
[PlyCount "92"]
[EventDate "1984.??.??"]
[EventType "swiss"]
[EventRounds "10"]
[EventCountry "DEN"]
[SourceDate "2004.01.01"]

1. e4 c5 2. Nf3 d6 3. d4 cxd4 4. Nxd4 Nf6 5. Nc3 a6 6. Be2 e6 7. O-O Be7 8. Be3
Qc7 9. f4 O-O 10. Qe1 b5 11. Bf3 Bb7 12. e5 dxe5 13. fxe5 Nfd7 14. Qg3 Kh8 15.
Rad1 Nc6 16. Kh1 Ncxe5 17. Bf4 Bxf3 18. Nxf3 f6 19. Rfe1 Bb4 20. Re3 Rad8 21.
Red3 Bxc3 22. Rxc3 Qb6 23. Re1 Nxf3 24. Bc7 Qb7 25. Qxf3 Qxf3 26. gxf3 Rde8 27.
Bd6 Rg8 28. Rc6 Rc8 29. Rxc8 Rxc8 30. Rxe6 h5 31. Re2 Rc6 32. Rd2 Kh7 33. Kg2
Kg6 34. Kf2 Kf5 35. Bg3 Nb6 36. c3 g5 37. h3 h4 38. Bh2 Nc4 39. Re2 a5 40. Bb8
a4 41. Ba7 a3 42. bxa3 Nxa3 43. Bd4 Nc4 44. Re7 Ra6 45. Ra7 Rxa7 46. Bxa7 Ke6
1/2-1/2

[Event "6. Copenhagen Open Politiken Cup"]
[Site "Copenhagen"]
[Date "1984.??.??"]
[Round "9"]
[White "Hoi, Carsten"]
[Black "Brondum, Eric"]
[Result "1-0"]
[WhiteElo "2400"]
[BlackElo "2260"]
[PlyCount "43"]
[EventDate "1984.??.??"]
[EventType "swiss"]
[EventRounds "10"]
[EventCountry "DEN"]
[SourceDate "2004.01.01"]

1. d4 Nf6 2. Nc3 d5 3. Bg5 Nbd7 4. e3 c6 5. Nf3 Qa5 6. Bd3 e6 7. O-O Bd6 8. Qe2
O-O 9. e4 dxe4 10. Nxe4 Be7 11. c3 Kh8 12. Rfe1 Qd8 13. Rad1 a5 14. Ng3 a4 15.
Ne5 a3 16. b3 Qe8 17. Bb1 Nd5 18. Bd2 Nxe5 19. dxe5 g6 20. c4 Nc7 21. Ne4 Rg8
22. Nd6 1-0